| 000 | 00421nam a22001697a 4500 | ||
|---|---|---|---|
| 005 | 20180809121524.0 | ||
| 008 | 160514b xxu||||| |||| 00| 0 eng d | ||
| 020 | _a0-07-048696-4 | ||
| 041 | _aeng | ||
| 082 |
_b2160 _a658.3 |
||
| 100 |
_aCascio, Wayne F. _92682 |
||
| 245 | _aManaging Human Resources | ||
| 260 |
_aNew Delhi _bTata McGraw Hill Ltd. _c2002 |
||
| 300 | _a660p, | ||
| 650 |
_aManagement _9241 |
||
| 942 | _cBK | ||
| 999 |
_c796 _d796 |
||